<?xml version="1.0" encoding="UTF-8"?>
<record
    xmlns:xsi="http://www.w3.org/2001/XMLSchema-instance"
    xsi:schemaLocation="http://www.loc.gov/MARC21/slim http://www.loc.gov/standards/marcxml/schema/MARC21slim.xsd"
    xmlns="http://www.loc.gov/MARC21/slim">

  <leader>00566nam a22002057a 4500</leader>
  <controlfield tag="005">20240829063419.0</controlfield>
  <controlfield tag="008">240829b        |||||||| |||| 00| 0 eng d</controlfield>
  <datafield tag="020" ind1=" " ind2=" ">
    <subfield code="a">9788119679805</subfield>
  </datafield>
  <datafield tag="040" ind1=" " ind2=" ">
    <subfield code="a">IN-DiNC</subfield>
    <subfield code="c">IN-DiNC</subfield>
  </datafield>
  <datafield tag="041" ind1=" " ind2=" ">
    <subfield code="d">asm</subfield>
  </datafield>
  <datafield tag="082" ind1=" " ind2=" ">
    <subfield code="a">320.512</subfield>
    <subfield code="b">GOH</subfield>
  </datafield>
  <datafield tag="100" ind1=" " ind2=" ">
    <subfield code="a">Gohain, Nabin</subfield>
    <subfield code="e">author</subfield>
  </datafield>
  <datafield tag="245" ind1=" " ind2=" ">
    <subfield code="a">Dhrupadi rajnaitik darshan/</subfield>
    <subfield code="c">by Nabin Gohain and Pankaj Borah</subfield>
  </datafield>
  <datafield tag="250" ind1=" " ind2=" ">
    <subfield code="a">1st ed.</subfield>
  </datafield>
  <datafield tag="260" ind1=" " ind2=" ">
    <subfield code="a">Jorhat:</subfield>
    <subfield code="b">Bidya bhawan,</subfield>
    <subfield code="c">2024.</subfield>
  </datafield>
  <datafield tag="300" ind1=" " ind2=" ">
    <subfield code="a">336p.</subfield>
  </datafield>
  <datafield tag="650" ind1=" " ind2=" ">
    <subfield code="a">Classical political philosophy</subfield>
  </datafield>
  <datafield tag="700" ind1=" " ind2=" ">
    <subfield code="a">Borah, Pankaj</subfield>
    <subfield code="e">author</subfield>
  </datafield>
  <datafield tag="942" ind1=" " ind2=" ">
    <subfield code="2">ddc</subfield>
    <subfield code="c">BK</subfield>
  </datafield>
  <datafield tag="999" ind1=" " ind2=" ">
    <subfield code="c">11897</subfield>
    <subfield code="d">11897</subfield>
  </datafield>
  <datafield tag="952" ind1=" " ind2=" ">
    <subfield code="0">0</subfield>
    <subfield code="1">0</subfield>
    <subfield code="2">ddc</subfield>
    <subfield code="4">0</subfield>
    <subfield code="7">0</subfield>
    <subfield code="8">POL</subfield>
    <subfield code="a">MAIN</subfield>
    <subfield code="b">MAIN</subfield>
    <subfield code="c">GEN</subfield>
    <subfield code="d">2024-08-29</subfield>
    <subfield code="g">320.00</subfield>
    <subfield code="l">8</subfield>
    <subfield code="o">320.512 GOH</subfield>
    <subfield code="p">30288</subfield>
    <subfield code="r">2025-12-01 06:42:10</subfield>
    <subfield code="s">2025-10-08</subfield>
    <subfield code="t">1</subfield>
    <subfield code="w">2024-08-29</subfield>
    <subfield code="y">BK</subfield>
  </datafield>
  <datafield tag="952" ind1=" " ind2=" ">
    <subfield code="0">0</subfield>
    <subfield code="1">0</subfield>
    <subfield code="2">ddc</subfield>
    <subfield code="4">0</subfield>
    <subfield code="7">0</subfield>
    <subfield code="8">POL</subfield>
    <subfield code="a">MAIN</subfield>
    <subfield code="b">MAIN</subfield>
    <subfield code="c">GEN</subfield>
    <subfield code="d">2024-08-29</subfield>
    <subfield code="g">320.00</subfield>
    <subfield code="l">2</subfield>
    <subfield code="o">320.512 GOH</subfield>
    <subfield code="p">30289</subfield>
    <subfield code="r">2024-12-11 05:10:25</subfield>
    <subfield code="s">2024-09-20</subfield>
    <subfield code="t">2</subfield>
    <subfield code="w">2024-08-29</subfield>
    <subfield code="y">BK</subfield>
  </datafield>
  <datafield tag="952" ind1=" " ind2=" ">
    <subfield code="0">0</subfield>
    <subfield code="1">0</subfield>
    <subfield code="2">ddc</subfield>
    <subfield code="4">0</subfield>
    <subfield code="7">0</subfield>
    <subfield code="8">POL</subfield>
    <subfield code="a">MAIN</subfield>
    <subfield code="b">MAIN</subfield>
    <subfield code="c">GEN</subfield>
    <subfield code="d">2024-08-29</subfield>
    <subfield code="g">320.00</subfield>
    <subfield code="l">6</subfield>
    <subfield code="o">320.512 GOH</subfield>
    <subfield code="p">30290</subfield>
    <subfield code="r">2025-12-01 06:52:37</subfield>
    <subfield code="s">2025-09-04</subfield>
    <subfield code="t">3</subfield>
    <subfield code="w">2024-08-29</subfield>
    <subfield code="y">BK</subfield>
  </datafield>
  <datafield tag="952" ind1=" " ind2=" ">
    <subfield code="0">0</subfield>
    <subfield code="1">0</subfield>
    <subfield code="2">ddc</subfield>
    <subfield code="4">0</subfield>
    <subfield code="7">0</subfield>
    <subfield code="8">POL</subfield>
    <subfield code="a">MAIN</subfield>
    <subfield code="b">MAIN</subfield>
    <subfield code="c">GEN</subfield>
    <subfield code="d">2024-08-29</subfield>
    <subfield code="g">320.00</subfield>
    <subfield code="l">7</subfield>
    <subfield code="o">320.512 GOH</subfield>
    <subfield code="p">30291</subfield>
    <subfield code="r">2026-01-17 06:57:51</subfield>
    <subfield code="s">2025-11-29</subfield>
    <subfield code="t">4</subfield>
    <subfield code="w">2024-08-29</subfield>
    <subfield code="y">BK</subfield>
  </datafield>
  <datafield tag="952" ind1=" " ind2=" ">
    <subfield code="0">0</subfield>
    <subfield code="1">0</subfield>
    <subfield code="2">ddc</subfield>
    <subfield code="4">0</subfield>
    <subfield code="7">0</subfield>
    <subfield code="8">POL</subfield>
    <subfield code="a">MAIN</subfield>
    <subfield code="b">MAIN</subfield>
    <subfield code="c">GEN</subfield>
    <subfield code="d">2024-08-29</subfield>
    <subfield code="g">320.00</subfield>
    <subfield code="l">6</subfield>
    <subfield code="o">320.512 GOH</subfield>
    <subfield code="p">30292</subfield>
    <subfield code="r">2025-12-30 05:44:18</subfield>
    <subfield code="s">2025-08-06</subfield>
    <subfield code="t">5</subfield>
    <subfield code="w">2024-08-29</subfield>
    <subfield code="y">BK</subfield>
  </datafield>
</record>
